| 000 | 00613nam a22001815i 4500 | ||
|---|---|---|---|
| 001 | 68592 | ||
| 003 | ES-MaACL | ||
| 005 | 20230906170319.0 | ||
| 007 | t| | ||
| 008 | 960812s1831 fr ||||1| fre d | ||
| 040 |
_aCAM _bspa _cCAM |
||
| 100 | 1 |
_aGauthier, Louis Philibert Auguste. _956035 |
|
| 245 | 1 | 0 |
_aRapport sur le choléra-morbus fait áa la Société de Médecine de Lyon au nom d'une commision / _cpar le Dr. L.-P.-Aug. Gauthier. |
| 260 |
_aLyon : _bimprimerie de Louis Perrin, _c1831. |
||
| 300 |
_a[4], 134, [1] p. ; _c22 cm. |
||
| 650 |
_aCólera- _zFrancia. _911144 |
||
| 852 |
_aES-MaACL _jT-486-F-2 |
||
| 999 |
_c68592 _d68592 |
||